<?xml version="1.0" encoding="UTF-8"?>
<marc:record xmlns:marc="http://www.loc.gov/MARC21/slim">
   <marc:leader>00000nam a2200000 a 4500</marc:leader>
   <marc:datafield ind1="1" ind2=" " tag="100">
      <marc:subfield code="a">Stronk, Cally</marc:subfield>
      <marc:subfield code="4">aut</marc:subfield>
      <marc:subfield code="e">Verfasser/-in</marc:subfield>
   </marc:datafield>
   <marc:datafield ind1=" " ind2=" " tag="653">
      <marc:subfield code="a">Tonies-Hörfigur-Hörbuch</marc:subfield>
   </marc:datafield>
   <marc:datafield ind1="0" ind2="0" tag="245">
      <marc:subfield code="a">Die Giraffenaffen - Lieblingslieder</marc:subfield>
   </marc:datafield>
   <marc:datafield ind1="0" ind2="0" tag="245">
      <marc:subfield code="b">Tonies-Hörfigur - Musik</marc:subfield>
   </marc:datafield>
   <marc:datafield ind1="0" ind2="0" tag="245">
      <marc:subfield code="c">Stronk, Cally</marc:subfield>
   </marc:datafield>
   <marc:datafield ind1=" " ind2="1" tag="264">
      <marc:subfield code="a">Düsseldorf</marc:subfield>
      <marc:subfield code="b">Boxine GmbH</marc:subfield>
      <marc:subfield code="c">2022</marc:subfield>
   </marc:datafield>
   <marc:datafield ind1="1" ind2=" " tag="490">
      <marc:subfield code="a">Giraffenaffen</marc:subfield>
   </marc:datafield>
   <marc:datafield ind1="1" ind2=" " tag="520">
      <marc:subfield code="a">Der kleine Giraffenaffe verließ 2012 seine Heimat, eine Insel in der Süßsee. Als er zu uns kam, wollte er nur eins: Musik machen. Dass er mal zusammen mit den größten deutschen Stars im Studio stehen und die besten Kinderlieder in Beats und Genres von heute kleiden würde, damit hatte er nicht gerechnet. Und so wurde er über Nacht zum Superstar am Giraffen-affenhimmel!&#xD;
&#xD;
&#xD;
Titelliste&#xD;
01 - Wir sind da (Giraffenaffensong) - Roger Cicero&#xD;
02 - Ich wär so gern wie Du - Johannes Oerding&#xD;
03 - Unter dem Meer - Stefanie Heinzmann&#xD;
04 - Wenn Du richtig glücklich bist - Nico Santos&#xD;
05 - Wundertoller Tag - Giraffenaffen&#xD;
06 - Auf der Mauer, auf der Lauer - Marquess&#xD;
07 - Kommt ein Vogel geflogen - Mark Forster&#xD;
08 - Seeräuber-Opa Fabian - Lena&#xD;
09 - Hätt' ich Dich heut' erwartet - Thomas D, Roman Lob&#xD;
10 - Anne Kaffeekanne - Leslie Clio&#xD;
11 - Probiers mal mit Gemütlichkeit - Jupiter Jones&#xD;
12 - Wer hat Angst vor dem bösen Wolf - Max Raabe &amp; Palast Orchester&#xD;
13 - Trau Dich - Slime&#xD;
14 - Und Alle! (Giraffenaffensong) - Giraffenaffen&#xD;
15 - Die Affen rasen durch den Wald - Roger Cicero&#xD;
16 - Die Gedanken sind frei - LEA&#xD;
17 - Im Frühtau zu Berge - Lotte&#xD;
18 - Manah Mannah - Dendemann&#xD;
19 - Die schnellste Maus von Mexiko - Alvaro Soler&#xD;
20 - Meine Oma fährt im Hühnerstall Motorrad - Culcha Candela&#xD;
21 - Biene Maja - Kerstin Ott&#xD;
22 - Weißt Du wie viel Sternlein stehen - Glasperlenspiel&#xD;
&#xD;
Musik&#xD;
&#xD;
Ab 6 Jahre</marc:subfield>
   </marc:datafield>
   <marc:datafield ind1=" " ind2=" " tag="041">
      <marc:subfield code="a">ger</marc:subfield>
   </marc:datafield>
   <marc:datafield ind1=" " ind2=" " tag="338">
      <marc:subfield code="a">Nicht spezifiziert</marc:subfield>
   </marc:datafield>
   <marc:datafield ind1=" " ind2=" " tag="300">
      <marc:subfield code="a">Box mit booklet</marc:subfield>
   </marc:datafield>
</marc:record>
